Vida del pueblo norteamericano / (Record no. 12972)

000 -CABECERA
fixed length control field 01010nam a22002177a 4500
003 - IDENTIFICADOR DEL NÚMERO DE CONTROL
control field AR-CdUCM
008 - DATOS DE LONGITUD FIJA--INFORMACIÓN GENERAL
fixed length control field 190410b ||||| |||| 00| 0 spa d
040 ## - FUENTE DE LA CATALOGACIÓN
Agencia/entidad que catalogó originalmente la obra MUNICIPALIDAD PROVINCIAL DEL CUSCO
Entidad que transcribió la catalogación BIBLIOTECA MUNICIPAL DEL CUSCO
082 ## - NÚMERO DE LA CLASIFICACIÓN DECIMAL DEWEY
No. de Clasificación 973 /
Notacion interna F26
100 ## - ENTRADA PRINCIPAL--NOMBRE DE PERSONA
Nombre Personal Faulkner, Harold Underwood
245 ## - MENCIÓN DE TÍTULO
Título Vida del pueblo norteamericano /
260 ## - PUBLICACIÓN, DISTRIBUCIÓN, ETC.
Lugar de publicación, distribución, etc. México :
Nombre de la editorial, distribuidor, etc. Fondo de cultura económica,
Fecha de publicación, distribución, etc. 1942.
300 ## - DESCRIPCIÓN FÍSICA
Nº de Páginas Extensión 405 páginas ;
Dimensiones 21 cm.
440 ## - MENCIÓN DE SERIE/PUNTO DE ACCESO ADICIONAL--TÍTULO
Título Colección de obras históricas.
9 (RLIN) 31115
505 ## - NOTA DE CONTENIDO CON FORMATO
Nota de contenido formateada Contenido :Los pueblos del mundo se reúnen en Norteamérica -- La naturaleza prepara el escenario para el experimento americano -- Los padres escriben un documento político básico y establecen una unión mas perfecta -- Negociantes, diplomáticos y soldados ensanchan el mapa -- Norteamérica crece por sus fronteras ...
650 ## - PUNTO DE ACCESO ADICIONAL DE MATERIA--TÉRMINO DE MATERIA
Descriptor Democracia.
9 (RLIN) 2598
650 ## - PUNTO DE ACCESO ADICIONAL DE MATERIA--TÉRMINO DE MATERIA
Descriptor Estados Unidos.
9 (RLIN) 1805
942 ## - ELEMENTOS DE PUNTO DE ACCESO ADICIONAL (KOHA)
Fuente de clasificación
Tipo de item Libros-BMC
945 ## - PROCESAMIENTO DE INFORMACIÓN LOCAL (OCLC)
Catalogador rum
AAAA-MM-DD - Fecha de ingreso o modificacion 2019-04-10
Holdings
Estado de retiro (separado) Fuente de clasificación o esquema de estanterías Estado dañado Ubicación Sala donde se ubica Nombre de la colección Fecha de adquisición o compra Costo, precio normal en soles Signatura topográfica Código de Barras Última vez visto (Koha) Tipo de ítem (Koha)
No     Sala Humanidades Sala Humanidades Book Cart 2019-04-10 50.00 973 / F26 SH0000010505 2019-04-10 Libros-BMC

Powered by Koha